000 00768cam a22002414a 4500
001 13974634
005 20180111043409.0
008 050519s2005 nyua b 001 0 eng
010 _a 2005014527
020 _a0824210492 (pbk. : alk. paper)
040 _aDLC
_cDLC
_dDLC
041 _aeng
042 _apcc
080 _aR 323.34 CUR
082 0 0 _aR 323.34 CUR
_222
100 _a26
101 _aSOC
245 0 0 _aWomen's rights /
_cedited by Jennifer Curry ; editorial advisor Lynn M. Messina.
504 _aIncludes bibliographical references (p. 167-178) and index.
906 _a7
_bcbc
_corignew
_d1
_eecip
_f20
_gy-gencatlg
942 _2ddc
_cBK
999 _c40076
_d40076